| 000 | 00601cam a22002053a 4500 | ||
|---|---|---|---|
| 001 | 45989 | ||
| 003 | PGUSA | ||
| 005 | 20140828084056.0 | ||
| 008 | 140615s2014||||xxu|||||s|||||000 | eng d | ||
| 040 |
_aPGUSA _beng |
||
| 042 | _adc | ||
| 100 | 1 |
_aChase, Josephine, _d-1931 |
|
| 245 | 1 | 0 |
_aGrace Harlowe's Overland Riders in the High Sierras _h[electronic resource] / _cJosephine Chase |
| 260 |
_bProject Gutenberg, _c2014 |
||
| 506 | _aPublic domain in the USA. | ||
| 516 | _aElectronic text | ||
| 830 | 0 |
_aProject Gutenberg _v45989 |
|
| 856 | 4 | 0 | _uhttp://www.gutenberg.org/ebooks/45989 |
| 942 | _cEB | ||
| 999 |
_c275238 _d275238 |
||